World Cup Host Countries Sudden Death - Statistics

General Stats
  • This quiz has been taken 221 times
  • The average score is 13 of 20
Answers on the Grid
Answers color-coded by a green-red scale on the quiz's grid according to % correct below.
Australia
Austria
Belgium
Brazil
Bulgaria
Canada
Chile
China
Czechoslovakia
Denmark
England
France
Germany
Hungary
Italy
Japan
Mexico
Netherlands
Peru
Portugal
Qatar
Russia
Saudi Arabia
South Africa
South Korea
Spain
Sweden
Switzerland
Turkey
Uruguay
USA
Yugoslavia
 
Answer Stats
Answer % Correct
Brazil
93%
England
84%
France
84%
USA
81%
Germany
79%
Qatar
79%
Italy
78%
Spain
74%
Russia
73%
South Africa
73%
Mexico
72%
Uruguay
70%
South Korea
68%
Japan
67%
Chile
51%
Sweden
51%
Canada
44%
Switzerland
39%
Saudi Arabia
38%
Portugal
32%
No matching quizzes found
Score Distribution
Percent of People with Each Score
Percentile by Number Answered
Your Score History
You have not taken this quiz